| 000 | 01135nac a22002771u 4500 | ||
|---|---|---|---|
| 010 | _a 97026794 | ||
| 020 | _a047115539X (pbk. : alk. paper) : | ||
| 082 | 0 | 0 |
_a332.6320112 _bGAT |
| 090 |
_c9224 _d9224 |
||
| 100 | _aGately, Ed | ||
| 245 | 1 | 0 |
_aForecasting profits using price & time / _cEd Gately. |
| 246 | 3 | _aForecasting profits using price and time | |
| 260 |
_aNew York : _bWiley,1998. _cc1998. |
||
| 300 |
_axii, 164 p. : _bill. ; _c23 cm. |
||
| 440 | 0 | _aWiley trader's exchange series | |
| 500 | _aDistributer: Al-Ahram | ||
| 504 | _aIncludes bibliographical references (p. 143-160) and index. | ||
| 511 | _aCatalogued by: Sara | ||
| 650 | 0 |
_aSecurities industry _xForecasting. |
|
| 650 | 0 | _aInvestment analysis. | |
| 650 | 0 | _aRisk management. | |
| 856 | 4 | 2 |
_3Contributor biographical information _uhttp://www.loc.gov/catdir/bios/wiley047/97026794.html |
| 856 | 4 | 2 |
_3Publisher description _uhttp://www.loc.gov/catdir/description/wiley033/97026794.html |
| 856 | 4 | 2 |
_3Table of Contents _uhttp://www.loc.gov/catdir/toc/onix03/97026794.html |
| 942 |
_cBB _k332.6320112GAT |
||
| 999 |
_c9224 _d9224 |
||